Регионална библиотека "Любен Каравелов" - Русе

Дните през 2000 година (Запис номер 97408)

MARC детайли
000 -Лидер
Контролно поле с фиксирана дължина 01261nam a2200301 c 4500
003 - Код на организацията, давaща контролен номер
Контролно поле BLK
005 - Дата и час на последна редакция
Контролно поле 20220225150329.0
008 - Елементи от данни с фиксирана дължина
fixed length control field 180409b bul|||||r ||||||| ||bul||
010 ## - Наследен системен номер
LC control number KNG00102319000
020 ## - Международен стандартен номер на книга ISBN
Международен стандартен номер на книга ISBN 954-90721-8-5
040 ## - Източник на каталожния запис
Идентификатор на билиотеката - собственик на записа BLK
041 ## - Код за език
Код за езика на текст/звукозапис или на отделно заглавие Български
Код за езика КДБФ Български
080 ## - УДК
Текстов определител УДК Българска литература
УДК код - определител по УДК 821.163.2
УДК определител -1
УДК - код + определител 821.163.2-1
100 1# - Редна дума - Автор
Автор Пенев, Пламен
Авторска отговорност първи автор
R(LIN) 268203
139 ## - Редно поле
Редна дума Пенев, Пламен
Авторски знак Пен - П 34
245 10 - Сведения за заглавието
Заглавие Дните през 2000 година
Подзаглавни данни Немист. поема
Редно поле (дума) Пламен Пенев.
257 ## - Страна на издаване
Страна на създаване/издаване България
260 ## - Област на издателските данни
Име на издателя, разпространителя и проч. Акад. център за лит. и култура
Година на издаване 2002
Печатница София : Вулкан 4
300 ## - Физическа характеристика
Страници 32 с.
Размери/Мащаб 20 см
380 ## - Жанр
Жанр Худож. лит.
500 ## - Общи забележки
Забележка Произведението е носител на голямата награда в конкурса "Език свещен на моите деди...", 2000 г., по случай 150 г. от рождението на Ив. Вазов.
659 ## - Тематичен бюлетин
Тематичен бюлетин К
852 ## - Местоположение
Форматна сигнатура Цб 212080
852 ## - Местоположение
Форматна сигнатура К 821.163.2/П 34 П
856 4# - Електронен адрес и достъп
Електронен формат pdf - файл
856 4# - Електронен адрес и достъп
Електронен формат pdf - файл
999 ## - СИСТЕМНИ КОНТРОЛНИ НОМЕРА
Koha biblionumber 97408
Koha biblioitemnumber 97408
942 ## - АРТИКУЛИ
Вид на библиотечния материал Книги
Скрит в OPAC Не
Периодичен библиозапис Да
944 ## - СЪЗДАВАНЕ И РЕДАКЦИЯ на ЗАПИСА
Създаване/Редакция Създаване
Дата на регистрацията/редакция 01.01.2002
Служител, извършил регистрацията/редакцията Цветанка_Енчева
944 ## - СЪЗДАВАНЕ И РЕДАКЦИЯ на ЗАПИСА
Създаване/Редакция Редакция
Дата на регистрацията/редакция 27.01.2004
999 ## - СИСТЕМНИ КОНТРОЛНИ НОМЕРА
Koha biblioitemnumber 97408
Наличности
Код за отписване Код за изгубен артикул Код за повреда Коз за рестрикции Код за отдаване Артикулен № Име на библиотеката - собственик Име на библиотеката, в която се намира в момента Статус (Текущо местоположение) Дата на вписване в системата Местоположение - отдел Цена в лева Инвентарен номер Систематично азбучна сигнатура Баркод Номер на екземпляра Цена в евро Служебна бележка Служебен тип на артикула Източник на класификационната схема
  Не е изгубен Не е повреден без рестрикции заемане за дома 156171 Регионална библиотека "Любен Каравелов" Русе Регионална библиотека "Любен Каравелов" Русе Заемна - подръчен фонд 2002-07-03 Заемна - подръчен фонд 2.00 120000670933 П 886.7-1/П 34 120000670933 1 1.02 Дост: DA Вид: А N: 27 Дата: 03.07.2002 Дата инв: 14.02.2018 Бележки инв: П2018 Книги  
  Не е изгубен Не е повреден без рестрикции ползва се в читалня 156172 Регионална библиотека "Любен Каравелов" Русе Регионална библиотека "Любен Каравелов" Русе Краезнание 2002-07-03 Краезнание 2.00 120000670934 К 821.163.2/П 34 П 120000670934 2 1.02 Дост: DA Вид: А N: 27 Дата: 03.07.2002 Дата инв: 15.11.2017 Бележки инв: К2017 Книги Universal Decimal Classification
  Не е изгубен Не е повреден без рестрикции ползва се в читалня 156173 Регионална библиотека "Любен Каравелов" Русе Регионална библиотека "Любен Каравелов" Русе Хранилище 2003-08-26 Хранилище 0.00 120000678559 Цб 212080 120000678559 3 0.00 Дост: Dp Вид: Д N: 38 Дата: 11.09.2002 Книги  
Vip Innovations Ltd, Rousse, Bulgaria 2025